00000000nam##2200000za#4500
0019.573343
003CaOODSP
00520210624183646
007cr |||||||||||
008150406|1996||||xxc|||||o    f|0| 0 eng|d
040 |aCaOODSP|beng
043 |an-cn---
0861 |aSC94-57/9-1996E-PDF
1101 |aCanada.|bCanadian Centre for Management Development.
24510|aGoverning in the millennium : |h[electronic resource]|bhow much less government? / |c[by] Arthur Kroeger.
260 |aOttawa - Ontario : |bCanadian Centre for Management Development |cNovember 1996.
300 |a29p.|breferences
4901 |aExplorations|vNo. 9
500 |aContents: Introduction.--How we got here.--Contemporary constraints.--The shift in public attitudes.--The social deficit.--Some specifically Canadian issues.--Some speculations about the future.--Conclusion.--Notes. The catalogue number (SC94-57/9-1996) and ISBN (0-662-62357-6) for the bilingual print edition have been incorrectly copied in this electronic publication.
590 |a12-16-Supp|b2012-04-17
69007|aManagement|2gcpds
69007|aPublic service|2gcpds
7201 |aKroeger, Arthur
77508|tLa gestion publique dans le nouveau millénaire : |w(CaOODSP)9.603525
7760#|tGoverning in the millennium : |w(CaOODSP)9.527144
7760#|tLa gestion publique dans le nouveau millénaire : |w(CaOODSP)9.527145
830#0|aExplorations ;|vNo. 9|w(CaOODSP)9.506894
85640|ahttp://publications.gc.ca|qPDF|s133 KB|uhttps://publications.gc.ca/collections/Collection/SC94-57-9-1996E.pdf|yNo. 9